000
00312nam a22001217a 4500
008
250703b |||||||| |||| 00| 0 eng d
020
_a
9780230661369
050
_a
PM 2053
_b
.M66
100
_a
Monta Marian F
245
_a
Directing for Stage and Screen
650
_a
Theatre production and direction
942
_c
BK
999
_c
4088
_d
4088